000 00840nam a2200253Ia 4500
003 OSt
005 20220923225256.0
006 a|||||r|||| 00| 0
007 ta
008 220922b |||||||| |||| 00| 0 san d
024 _a261,966
037 _cTextual
040 _aARTS
_cARTS
_bsan
041 _2san
_asan
082 _aO15,1D63,1, 152L6
100 _aमालवीय, बद्रीनाथ
_9156292
245 0 _aकिरातार्जुनीयम्
246 _aKirātārjunīyam
260 _aइलाहाबाद
_b रामनारायण बेनीमाधव
_c1976
300 _a136पृ0
_ccm.
650 _aसंस्कृत साहित्य
942 _hO15,1D63,1, 152L6
_cTEXL
_2CC
999 _c377185
_d377185